00470nam a2200169Ia 4500001001000000003000500010008004100015010001100056040000900067082001800076245009400094260003000188300001100218650002500229650001700254650002900271Para_7472CHAP220125s1976 xx 000 0 und d a206360 cCHAP aPA 632.52 B56 aBiochemical aspects of plant-parasite relationship /c ed. by J. Friend y D.R. Threlfall aLondon :b Academic Press a354 p. aBioquímica vegetal aParásitos  aPlantas x enfermedades